Statistics for Mario Multi-Choice

Click here to take the quiz!

General Stats

  • This quiz has been taken 38 times
  • The average score is 7 of 8

Answer Stats

QuestionAnswer% Correct
What company is Nintendo from?Japan
100%
Who is the evil version of LuigiWaluigi
100%
Where are Toad's and Toadettes from?Mushroom Kingdom
97%
Who is the leader of the Koopa Clan?Bowser
93%
Who is the robber-rabbit on Super Mario Deluxe?Nabbit
87%
Who is Bowser's Mother?Granny Koopa
77%
What item is used to make you go faster? Super....Star
73%
What item is on top of a Toads head?Mushroom
67%

Score Distribution

Percentile by Number Answered

Percent of People with Each Score

Your Score History

You have not taken this quiz